000 00206 a2200097 4500
001 48538
100 _aSimpson, A.R.B
245 _aThe British isles
260 _aLondon
_bG Bell
_c
090 _c31470
_d31470
942 _aNUST-CAE
_cM
_c23859
999 _c283611
_d283611